Inferno / (Record no. 23295)
[ view plain ]
| 000 -LEADER | |
|---|---|
| fixed length control field | 00594nam a2200205 a 4500 |
| 001 - CONTROL NUMBER | |
| control field | 23295 |
| 003 - CONTROL NUMBER IDENTIFIER | |
| rucl marc code | BD-RjUL |
| 005 - DATE AND TIME OF LATEST TRANSACTION | |
| control field | 20211209000920.0 |
| 008 - FIXED-LENGTH DATA ELEMENTS--GENERAL INFORMATION | |
| fixed length control field | 140310s1962 uk 000 0 ita d |
| 035 ## - SYSTEM CONTROL NUMBER | |
| System control number | (BD-RjUL)23360 |
| 040 ## - CATALOGING SOURCE | |
| Original cataloging agency | PCJ |
| Modifying agency | m.c. |
| -- | m/c |
| Language of cataloging | eng |
| Transcribing agency | BD-RjUL |
| 041 1# - LANGUAGE CODE | |
| Language code of text/sound track or separate title | itaeng |
| 082 ## - DEWEY DECIMAL CLASSIFICATION NUMBER | |
| Classification number | 844.8 |
| Author mark and year | STI 1962 |
| 100 0# - MAIN ENTRY--PERSONAL NAME | |
| Personal name | STRINDBERG ,AUGUST. |
| Dates associated with a name | 1265-1321. |
| Fuller form of name | AUGUST STRINDBERG. |
| 9 (RLIN) | 71792 |
| 245 10 - TITLE STATEMENT | |
| Title | Inferno / |
| Statement of responsibility, etc. | Translated by Mary Sandbach. |
| 260 ## - PUBLICATION, DISTRIBUTION, ETC. (IMPRINT) | |
| Place of publication, distribution, etc. | London : |
| Name of publisher, distributor, etc. | Hutchinson, |
| Date of publication, distribution, etc. | 1962. |
| 300 ## - PHYSICAL DESCRIPTION | |
| Pagination | 179 p. |
| Size | 22 cm. |
| 500 ## - GENERAL NOTE | |
| General note | Italian and English text on facing pages. |
| 942 ## - ADDED ENTRY ELEMENTS (KOHA) | |
| Source of classification or shelving scheme | Dewey Decimal Classification |
| Koha item type | Books |
| Lost status | Source of classification or shelving scheme | Damaged status | Not for loan | Collection code | Permanent Location | Current Location | Shelving location | Date acquired | Total Checkouts | Full call number | Date last seen | Copy number | Koha item type |
|---|---|---|---|---|---|---|---|---|---|---|---|---|---|
| Dewey Decimal Classification | Added to bundle | Fiction | Central Library, University of Rajshahi | Central Library, University of Rajshahi | Reading Room | 10/03/2014 | 844.8 STI 1962 | 10/03/2014 | C-1 | Books |